Stormflut (Record no. 165696)
[ view plain ]
| 000 -LEADER | |
|---|---|
| campo de control de longitud fija | 00800nam a22002175i 4500 |
| 001 - NÚMERO DE CONTROL | |
| campo de control | 165696 |
| 003 - IDENTIFICADOR DE NÚMERO DE CONTROL | |
| campo de control | ES-MaACL |
| 005 - FECHA Y HORA DE LA ÚLTIMA TRANSACCIÓN | |
| campo de control | 20230906213205.0 |
| 008 - DATOS DE LONGITUD FIJA--INFORMACIÓN GENERAL | |
| campo de control de longitud fija | 050901s1878 gw | |||||||| ||ger d |
| 040 ## - FUENTE DE CATALOGACIÓN | |
| Centro catalogador/agencia de origen | CAM |
| Lengua de catalogación | spa |
| Centro/agencia transcriptor | CAM |
| 100 1# - ENTRADA PRINCIPAL--NOMBRE DE PERSONA | |
| Nombre de persona | Spielhagen, Friedrich. |
| 9 (RLIN) | 132865 |
| 245 10 - MENCIÓN DEL TÍTULO | |
| Título | Stormflut |
| Resto del título | : romance / |
| Mención de responsabilidad, etc. | von Friedrich Spielhagen. |
| 250 ## - MENCION DE EDICION | |
| Mención de edición | 4 Aufl. |
| 260 ## - PUBLICACIÓN, DISTRIBUCIÓN, ETC. | |
| Lugar de publicación, distribución, etc. | Leipzig : |
| Nombre del editor, distribuidor, etc. | Verlag von L. Staackmann, |
| Fecha de publicación, distribución, etc. | 1878 ( |
| Fabricante | Druck von Grimme & Trömel) |
| 300 ## - DESCRIPCIÓN FÍSICA | |
| Extensión | 2 v. (377; 460 p. ) ; |
| Dimensiones | 19 cm. |
| 490 1# - MENCIÓN DE SERIE | |
| Mención de serie | Friedrich Spielhagen's Sämmtliche Werke ; |
| Designación de volumen o secuencia | 13; 14 |
| 752 ## - ENTRADA AGREGADA--NOMBRE JERÁRQUICO DEL LUGAR | |
| País o entidad superior | Alemania - |
| Ciudad | Leipzig |
| 830 0# - PUNTO DE ACCESO ADICIONAL DE SERIE-TÍTULO UNIFORME | |
| Título uniforme | Friedrich Spielhagen's Sämmtliche Werke ; |
| Designación de volumen o secuencia | 13; 14 |
| 9 (RLIN) | 222487 |
| 852 ## - LOCALIZACIÓN | |
| Ubicación | ES-MaACL |
| Número de control de estantería | D-2590 y D-5184 |
| Nota libre | -- Rúst. muy deteriorada |
| -- | -- Legado de M. de la Fuente |
| Estatus retirado | Estado de pérdida | Estado de daño | No para préstamo | Colección | Biblioteca de origen | Biblioteca actual | Ubicación en estantería | Fecha de adquisición | Fuente de adquisición | Total de préstamos | Signatura topográfica completa | Código de barras | Visto por última vez | Precio de reemplazo | Tipo de ítem Koha |
|---|---|---|---|---|---|---|---|---|---|---|---|---|---|---|---|
| Libros del s. XIX | Biblioteca del Ateneo de Madrid | Biblioteca del Ateneo de Madrid | Sala Valle Inclán | 17/01/2008 | D-2590 y D-5184 | 901173769 | 23/02/2023 | 23/02/2023 | Libro impreso antiguo |
